| 000 | 01875nam a22001577a 4500 | ||
|---|---|---|---|
| 041 | _aukr | ||
| 080 | _a09 | ||
| 090 | _bТОВ | ||
| 100 | _aТоварков О. О. | ||
| 245 | _aЯвище тексту в інформаційному процесі ХХ-ХХІ ст. | ||
| 260 |
_aОстрог _bКАФ _c2012 |
||
| 300 | _a65 | ||
| 520 |
_aРОЗДІЛ 1. ТЕКСТ В СУЧАСНІЙ НАУКОВІЙ ПАРАДИГМІ.
1.1. Поняття та етимологія слова "текст".
1.2. Диференціація понять ТЕКСТ, ТВІР, ДАНІ, ТЕКСТОВІ ДАНІ, ІНФОРМАЦІЯ.
1.3. Історичний контекст змін феномену тексту.
1.4. Текст в сучасних лінгвістичних течіях.
1.5. Текст в парадигмі сучасних наук.
РОЗДІЛ 2. ОСНОВНІ ТЕОРЕТИЧНІ ЗАСАДИ ІНТЕРПРИТАЦІЇ ЛІТЕРАТУРНОГО ТЕКСТУ.
2.1. Семіотичний феномен співтворчої ролі адресата.
2.2. Модель читача.
2.3. Комунікативна сутність тексту.
2.4. Інші концепції інтерпритації літературного тексту.
РОЗДІЛ 3. ОСНОВНІ ТЕОРЕТИЧНІ ЗАСАДИ ІНТЕРПРИТАЦІЇ НЕЛІТЕРАТУРНОГО ЕЛЕКТРОННОГО ТЕКСТУ.
3.1. Нелітературний текст.
3.2. Електронний текст.
3.3. Аналіз та інтерпритація літературного поетичног тексту.
3.4. Аналіз та інтерпритація електронного тексту.
3.5. Функціональні особливості електронного тексту. _0текст |
||
| 650 | _aResearch Papers | ||
| 999 |
_c284908 _d284908 |
||
| 942 | _cBK | ||